<?xml version="1.0" encoding="UTF-8"?>
<collection xmlns="http://www.loc.gov/MARC21/slim">
  <record>
    <leader>00000nam  2200000   4500</leader>
    <controlfield tag="001">INLIS000000000009992</controlfield>
    <controlfield tag="005">20231208105142</controlfield>
    <datafield tag="035" ind1="#" ind2="#">
      <subfield code="a">0010-1223000049</subfield>
    </datafield>
    <controlfield tag="007">ta</controlfield>
    <controlfield tag="008">231208################|##########|#|##</controlfield>
    <datafield tag="082" ind1="#" ind2="#">
      <subfield code="a">(R)2017 TA-T&amp;MI 818</subfield>
    </datafield>
    <datafield tag="084" ind1="#" ind2="#">
      <subfield code="a">(R)2017 TA-T&amp;MI 818 NUR p</subfield>
    </datafield>
    <datafield tag="100" ind1=" " ind2="#">
      <subfield code="a">NURHAMIDA</subfield>
    </datafield>
    <datafield tag="245" ind1="1" ind2="#">
      <subfield code="a">Pengaruh Sikap Kerja Terhadap Kinerja Karyawan Departemen Pengadaan pada PT. Semen Tonasa Kabupaten Pangkajene Kepulauan :</subfield>
      <subfield code="b">Tugas Akhir /</subfield>
      <subfield code="c">Nurhamida (TM145658)</subfield>
    </datafield>
    <datafield tag="250" ind1="#" ind2="#">
      <subfield code="a">2017</subfield>
    </datafield>
    <datafield tag="260" ind1="#" ind2="#">
      <subfield code="a">Makassar :</subfield>
      <subfield code="b">Politeknik ATI Makassar - Teknik dan Manajemen Industri,</subfield>
      <subfield code="c">2017</subfield>
    </datafield>
    <datafield tag="300" ind1="#" ind2="#">
      <subfield code="a">xii + 44 halaman :</subfield>
      <subfield code="b">Tabel ;</subfield>
      <subfield code="c">20,8 x 28 cm.</subfield>
      <subfield code="e">Bibliografi;Lampiran</subfield>
    </datafield>
    <datafield tag="650" ind1="#" ind2="4">
      <subfield code="a">Tugas Akhir T&amp;MI 2017</subfield>
    </datafield>
    <datafield tag="520" ind1="#" ind2="#">
      <subfield code="a">ABSTRAK&#13;
&#13;
NURHAMIDA 2017 Pengaruh Sikap Kerja Terhadap Kinerja Karyawan Departemen Pengadaan PT Semen Tonasa Kabupaten Pangkajene Kepulauan. Dibawah bimbingan Arminas, selaku Pembimbing I dan Haruddin, selaku Pembimbing II.&#13;
&#13;
Setiap perusahaan pasti mengharapkan suatu lingkungan kerja yang selalu bersih, rapi, dan masing-masing orang mempunyai konsistensi dan disiplin diri. Sikap kerja merupakan salah satu hal yang penting untuk diperhatikan sehingga mampu mendukung terciptanya kinerja karyawan yang tinggi di perusahaan. Penelitian ini bertujuan untuk mengetahui pengaruh penerapan sikap kerja SR terhadap kinerja karyawan Departemen Pengadaan Pada PT. Semen Tonasa. Data yang diperoleh dari perusahaan berupa kuesioner yang dianalisa dengan menggunakan analisa regresi linear berganda, uji t dan uji F.&#13;
&#13;
Dari hasil analisa diketahui model persamaan regresi linear berganda diperoleh nilai Y = 12,810 + 0,153X1 + 0,533X2 + 0,047X1 + 0,153X4 + 0,068X5 Bedasarkan ujit untuk masing-masing variabel menunjukkan nilai koefisien t hitung &lt;t tabel yang berarti tidak terdapat pengaruh yang signifikan antara ringkas, rapi, resik, rawat dan rajin dengan kinerja karyawan secara parsial. Bedasarkan uji F untuk keseluruhan variabel menunjukkan nilai &amp; hitung 2,806 F tabel = 2,66 dengan angka signifikansi sebesar 0,042 0,05 yang berarti bahwa variabel ringkas (X?), rapi (X?), resik (X?), rawat (X4), dan rajin (X?) secara simultan (bersama-sama) berpengaruh terhadap kinerja karyawan (Y) Berdasarkan analisis koefisien determinasi menunjukkan nilai Adjusted R Square = 0,251 yang berarti bahwa 25,1% variabel kinerja karyawan dipengaruhi oleh sikap kerja SR dan selebihnya dipengaruh oleh faktor lain.&#13;
&#13;
Kata kunci: Sikap kerja, Kinerja, Regresi Linear</subfield>
    </datafield>
    <datafield tag="856" ind1="#" ind2="#">
      <subfield code="a">OPAC (TA T&amp;MI 2017)</subfield>
    </datafield>
    <datafield tag="990" ind1="#" ind2="#">
      <subfield code="a">303/TA T&amp;MI 2017</subfield>
    </datafield>
  </record>
</collection>
